| 000 | 00899nam a22002177a 4500 | ||
|---|---|---|---|
| 999 |
_c2319 _d2319 |
||
| 003 | AR-CdUCM | ||
| 008 | 190304b ||||| |||| 00| 0 spa d | ||
| 020 | _a970-32-4038-0 | ||
| 040 |
_aMUNICIPALIDAD PROVINCIAL DEL CUSCO _cBIBLIOTECA MUNICIPAL DEL CUSCO |
||
| 082 |
_a301.2 / _bC27 |
||
| 100 |
_aUniversidad Nacional Autónoma de México / _96780 |
||
| 245 |
_aEl legado de los clásicos : _bNaturaleza, objeto y método de la sociología / |
||
| 260 |
_aMéxico : _bFacultad de estudios superiores Acatlan, _c2007. |
||
| 300 |
_a208 paginas ; _c22 cm. |
||
| 505 | _aContenido :De los clásicos y de la enseñanza de la sociología --Augusto Comte: Filosofo, místico y fundador de la sociología --El legado de Herbert Vargas ... | ||
| 650 |
_aSociología _9276 |
||
| 650 |
_aCiencia _92098 |
||
| 700 |
_aHugo Arturo Cardoso Vargas (coordinador) _98363 |
||
| 942 |
_2ddc _cLIBROS |
||
| 945 | _arjall | ||